Introduction to Mathematical Physics (Record no. 14583)

MARC details
000 -LEADER
fixed length control field 00393nam a2200169Ia 4500
008 - FIXED-LENGTH DATA ELEMENTS--GENERAL INFORMATION
fixed length control field 230524s9999 xx 000 0 und d
082 ## - DEWEY DECIMAL CLASSIFICATION NUMBER
Classification number 530.15
Item number DAS
100 ## - MAIN ENTRY--AUTHOR NAME
Personal name Jena
245 #0 - TITLE STATEMENT
Title Introduction to Mathematical Physics
250 ## - EDITION STATEMENT
Edition statement 1ST
260 ## - PUBLICATION, DISTRIBUTION, ETC. (IMPRINT)
Place of publication CUTTACK
Name of publisher Kitab Mahal
Year of publication 2002
300 ## - PHYSICAL DESCRIPTION
Number of Pages 814
500 ## - GENERAL NOTE
General note Quantity Number: 2
650 ## - SUBJECT ADDED ENTRY--TOPICAL TERM
Topical Term Physics
700 ## - ADDED ENTRY--PERSONAL NAME
Personal name Das
942 ## - ADDED ENTRY ELEMENTS (KOHA)
Koha item type Books
Holdings
Lost status Damaged status Permanent Location Current Location Shelving location Date acquired Full call number Accession Number Koha item type
    Central Library, Trident Academy of Technology Central Library, Trident Academy of Technology General Stacks 05/24/2023 530.15 DAS 6090 Books
    Central Library, Trident Academy of Technology Central Library, Trident Academy of Technology General Stacks 05/24/2023 530.15 DAS 6091 Books
Trident Academy of Technology © 2023.
All rights reserved.                                                                                                                                                                                                        Designed by Team of Central Library .

Powered by Koha